000 00313nam a22001337a 4500
008 181210b xxu||||| |||| 00| 0 eng d
020 _a070258872
041 _aeng
080 _a510
100 _a38
101 _aMAT
245 _anUMERICAL mETHODS fOR sCIENTES aND eNGINEERS
_cHamming.J
942 _2udc
_cBK
999 _c53124
_d53124